| 000 | 00375nam a2200145Ia 4500 | ||
|---|---|---|---|
| 008 | 221030s9999 xx 000 0 und d | ||
| 041 | _aEnglish | ||
| 082 |
_a105.23 _bMuk |
||
| 100 | _aS. Mukhopadhyay | ||
| 245 | 0 | _aModern Power System - Control & Operation | |
| 260 |
_bQIP Center, University Of Roorkee, Roorkee _aIndia _c0 |
||
| 300 | _a322 | ||
| 650 | _aEE | ||
| 942 | _cBK | ||
| 999 |
_c7544 _d7544 |
||